00852 a2200265 450000500170000000800410001701000140005802000260007202000150009803500130011303700150012604000180014108200130015910000240017224501360019625000120033226000500034427000440039430000310043850000190046965000240048865000260051270000300053870000180056820081006124514.0081006t xxu||||| |||| 00| 0 eng d aENG-91165 a9780070264380c350.00 a0070264384 aEN-74698 bDBAD / PUB adplbEnglish  a658.4012 aPearce II, John A.  aStrategic management:cby John A. Pearce II, Richard B. Robinson Jr. [and] Amita Mital bformulation, implementation, and control / a10th ed aNew DelhibTata Mc-Graw Hill Publishingc2008 a7, West Patel NagarbNew Delhie110 008 axxvi, 788p. c26cm. (pbk.) aIncludes index a Strategic planning aIndustrial management aRobinson Jr., Richard B.  aMital, Amita